| 000 | 00910nam a2200217Ia 4500 | ||
|---|---|---|---|
| 999 |
_c21840 _d21840 |
||
| 003 | OSt | ||
| 005 | 20211005112825.0 | ||
| 008 | 160316s1998 xxu||||| |||| 00| 0 eng d | ||
| 020 | _a9780304338511 | ||
| 040 | _cn | ||
| 082 |
_a294.521000 _bBOW |
||
| 100 | _aBowen Paul | ||
| 245 | _aThemes and issues in hinduism | ||
| 260 |
_aLondon _bCasewell _c1998 |
||
| 300 |
_a280p _cviii |
||
| 365 | _b Rs.2,187 | ||
| 505 | _aTable of contents Introduction: raising the issues, P. Bowen; Human nature and destiny, A. Rambachan; making moral decisions, G. Flood; women in Hinduism, S. Sugirtharajah; attitudes to nature, A.R. Choudhury; myth and mystery, J.S. Hirst; sacred writings, G. Flood; picturing God, S. Sugirtharajah; worship, A.R. Choudhury; sacred place, A.R. Choudhury; rites of passage, G. Flood. | ||
| 650 | _a1. Hinduism - Themes & Issues | ||
| 700 |
_a _a |
||
| 942 |
_2ddc _cBK |
||